What was their birthyear? #1 - Statistics

General Stats
  • This quiz has been taken 7 times
  • The average score is 5 of 16
Answer Stats
Picture Hint Answer % Correct
Adolf Hitler 1889
100%
Joseph Stalin 1878
83%
Albert Einstein 1879
67%
George Washington 1731
50%
Napoleon Bonaparte 1776
50%
Marie Curie 1867
33%
Julius Caesar 100 BC
17%
William the Conqueror 1028
17%
Genghis Kahn 1162
17%
Henry VIII 1491
17%
Louis XIV 1638
17%
Marco Polo 1254
0%
William Shakespeare 1564
0%
Isaac Newton 1743
0%
Florence Nightingale 1820
0%
Cleopatra 70/69 BC
0%
No matching quizzes found
Score Distribution
Percent of People with Each Score
Percentile by Number Answered
Your Score History
You have not taken this quiz